[Event "Ch Europe"]
[Site "masterchessopen.com Antalya (Turkey)"]
[Date "2004.05.21"]
[Round "6"]
[White "Sargissian Gabriel (ARM)"]
[Black "Gashimov Vugar (AZE)"]
[Result "1-0"]
[WhiteElo "2611"]
[BlackElo "2586"]

{ Sargissian Gabriel (ARM) +0 =2 -0 } 1.Nf3 { 1 } 1...Nf6 2.c4 e6 3.g3 d5 4.d4
Bb4+ 5.Bd2 Be7 6.Bg2 O-O 7.O-O { ?/= } 7...dxc4 ( 7...c6 8.Qc2 b6 9.Ne5 Nfd7
10.Nd3 Bb7 11.Rd1 a5 12.a3 Ba6 13.cxd5 cxd5 14.Be3 Ra7 15.Nc3 Rc7 16.Bf4 Rc8
17.Bxb8 Nxb8 18.Rac1 Nc6 19.e3 Bc4 20.Bf1 Qd7 21.Nf4 b5 22.Bxc4 bxc4 23.e4 Bf6
24.exd5 Nxd4 25.Qe4 e5 26.Nh5 Bg5 27.f4 { ...0-1, Topalov Veselin 2750 -
Kasparov Garry 2785 , Las Palmas 1996 It (cat.21) } ) ( 7...Nbd7 8.Qc2 c6
9.Rd1 b6 10.b3 Ba6 11.a4 c5 12.Na3 Bb7 13.Qb2 Ne4 14.Be1 Bf6 15.e3 cxd4
16.Nxd4 Qb8 17.Rac1 Rd8 18.Qb1 a6 19.a5 Be7 20.Nac2 bxa5 21.Bxa5 Rc8 22.Nb4
Nef6 23.cxd5 Bxb4 24.Bxb4 Bxd5 25.Rxc8+ Qxc8 26.e4 Bb7 27.f3 { ...1/2-1/2,
Piket Jeroen 2630 - Kramnik Vladimir 2770 , Monte Carlo 1997 It "Melody Amber"
(active) } ) ( 7...b6 8.cxd5 exd5 9.Nc3 Bb7 10.Bf4 Na6 11.Rc1 c5 { 1/2-1/2,
Savchenko Stanislav 2579 - Kuzmin Gennadi P 2528 , Ordzhonikidze 2000 Zt } )
8.Qc2 Nbd7 ( 8...a6 9.a4 Nbd7 10.Na3 c5 11.Nxc4 Nd5 12.dxc5 Bxc5 13.Ng5 g6
14.Ne4 Bd4 15.Bh6 Bg7 16.Bxg7 Kxg7 17.Rfd1 Qc7 18.b3 N7b6 19.Qb2+ f6 20.Ned6
Nxc4 21.Nxc4 Bd7 22.Bxd5 exd5 23.Ne3 Be6 24.Nxd5 Bxd5 25.Rxd5 Rad8 26.Rad1
Rxd5 27.Rxd5 Rd8 28.e4 { ...1/2-1/2, Razuvaev Yuri S 2495 - Kurajica Bojan
2545 , Novi Sad 1982 It (cat.11) } ) ( 8...Bd7 9.Qxc4 Bc6 10.Bg5 Bd5 11.Qc1
Nc6 12.e3 Ne4 13.Bxe7 Qxe7 14.Nc3 Nxc3 15.Qxc3 Rfd8 16.Rfc1 Rd7 17.Qc2 Nb4
18.Qb1 Bxf3 19.Bxf3 c6 20.Rc5 Rad8 21.a3 Nd5 22.b4 Rd6 23.Qb3 e5 24.dxe5 Qxe5
25.Rd1 Qe6 26.Bxd5 Rxd5 27.Rcxd5 Rxd5 28.Rxd5 { ...1/2-1/2, Kozul Zdenko 2560
- Kovacevic Vladimir 2240 , Vinkovci 1989 It } ) 9.Qxc4 c5 ( 9...a6 10.Qc2 c5
11.Rd1 Qb6 12.Be1 cxd4 13.Nxd4 Ne5 14.Qb3 Qxb3 15.axb3 Rb8 16.Ba5 Ned7 17.Nd2
Bc5 18.Bc3 e5 19.Nc2 b5 20.Nb4 Bxb4 21.Bxb4 Re8 22.Ne4 Nxe4 23.Bxe4 Bb7
24.Bxb7 Rxb7 25.Rxa6 Nf6 26.f3 e4 27.f4 h6 28.Bc3 Ng4 29.Rdd6 { ...1-0, Ulibin
Mikhail 2555 - Alienkin Aleksander 2365 , Vienna 1998 It (open) } ) 10.dxc5 (
10.Nc3 a6 11.dxc5 Bxc5 12.Qb3 h6 13.Ne1 Re8 14.Nd3 Ba7 15.Nf4 Nc5 16.Qc2 e5
17.Nfd5 Nxd5 18.Bxd5 Ne6 19.e3 Ng5 20.h4 Nh7 21.Rfd1 Nf6 22.Bf3 Qe7 23.Ne4 Bf5
24.Bc3 Nxe4 25.Bxe4 Bxe4 26.Qxe4 f6 27.Rd5 Rad8 28.Rad1 Bb6 29.h5 Rxd5 {
...1/2-1/2, Rustemov Alexander 2585 - Tissir Mohamed 2436 , Sevilla 2003 It
(open) } ) ( 10.Qc2 cxd4 11.Nxd4 { } ) 10...Nxc5 ( 10...Bxc5 11.Nc3 a6 12.b4
Be7 13.Qb3 Nb6 14.Rfd1 Nbd5 15.Be1 Qe8 16.Nxd5 exd5 17.Nd4 Bd7 18.a4 Rd8 19.e3
Bd6 20.b5 axb5 21.Nxb5 Be5 22.Nd4 Bc8 23.Bb4 Bd6 24.Ba5 Rd7 25.Rac1 Qe5 26.Nb5
Bb8 27.Bc3 Qf5 28.Bxf6 Qxf6 29.Bxd5 Re7 30.Nc3 { ...1-0, Gurevich Dmitry 2575
- Umezinwa George 2242 , Illinois 1993 It (open) } ) 11.Be3 b6 { } ( 11...Ncd7
12.Nc3 Nb6 13.Qb3 Nbd5 14.Rfd1 b6 15.Bg5 Qc7 16.Rac1 Bc5 17.Nxd5 Nxd5 18.e4
Nf6 19.Bxf6 gxf6 20.e5 f5 21.Ne1 Rb8 22.Nd3 Bb7 23.Bxb7 Qxb7 24.Nxc5 bxc5
25.Qxb7 Rxb7 26.b3 Rc7 27.Rc4 Rfc8 28.Kf1 Kg7 29.Rdc1 f6 30.f4 fxe5 31.fxe5 {
...1-0, Vranesic Zvonko 2315 - Chu Christopher, Toronto 1995 It (open) } ) (
11...Qb6 12.Nc3 Qa6 13.Qxa6 Nxa6 14.Rac1 Nb4 15.Ne5 Nbd5 16.Bd4 Rd8 17.e3 Bd7
18.Nxd5 exd5 19.Nxd7 Rxd7 20.Bh3 Rdd8 21.Rc7 Bd6 22.Rxb7 a6 23.Rc1 Ne4 24.Rc6
Bf8 25.Rcc7 Nd6 26.Ra7 Nb5 27.Rxa8 Rxa8 28.Rc8 Rxc8 29.Bxc8 Nxd4 30.exd4 a5
31.Kf1 { ...1-0, Visier Segovia Fernando 2355 - Cabrera Gabriel 2244 , Las
Palmas 1977 It (cat.9) } ) 12.Bxc5 { N } ( 12.Ne5 Ba6 13.Qc2 Rc8 14.Nc3 Qc7
15.Bd4 Bb7 16.Rac1 Bxg2 17.Kxg2 Rfd8 18.e3 Nce4 19.Qe2 Qb7 20.Qf3 Nd6 21.Qxb7
Nxb7 22.Nb5 a6 23.Nc6 Rxc6 24.Rxc6 axb5 25.Rc7 Rd7 26.Rfc1 Bc5 27.Rc8+ Rd8
28.Rxd8+ Nxd8 29.Bxc5 bxc5 30.Rxc5 Kf8 31.Rxb5 Ke7 { ...1-0, Wunberg Tobias -
Sabel Reinhard 2082 , Mainz 1996 Ch Rheinhessen } ) 12...Bxc5 13.Ne5 Nd5
14.Nd3 Be7 15.Nc3 Bb7 16.Nxd5 Bxd5 17.Bxd5 exd5 18.Qb3 Bf6 19.Rac1 Rc8 20.Rxc8
Qxc8 21.Rc1 Qg4 22.Rc2 Qe4 { ?! } ( 22...Rd8 { !? } 23.Qb5 Qe4 24.Qc6 h5 { } )
23.Nb4 d4 24.Qd5 Qg4 25.Kg2 Rd8 26.Qb7 { ?! } ( 26.h3 { !? } 26...Qg6 27.Qb7
a5 28.Rc8 { } ) 26...h6 { ?! } ( 26...a5 { !? } 27.Nd3 Qe6 28.b3 g5 { } )
27.Nd3 { ?! } ( 27.Qxa7 { !? } 27...Qe6 28.Qc7 h5 29.Qc6 { } ) 27...Re8
28.Qxa7 { ?! } ( 28.h3 { !? } 28...Qe6 29.Qxa7 Bg5 30.Kh2 { } ) 28...Qe4+ { ?!
} ( 28...Rxe2 { !? } 29.Qa8+ Kh7 30.h3 Qe6 { } ) 29.f3 Qd5 30.Qxb6 Qxa2 31.Qb5
Qa8 32.b4 g5 33.Qf5 Kg7 34.b5 Qa4 { ? } ( { ? } 34...Re6 35.Nf2 Re5 36.Qd3 Qb8
{ } ) 35.Nc5 Qa1 36.Ne4 Be5 37.Nf2 { ?? } ( { ? } 37.Rc8 d3 38.Nxg5 hxg5
39.Rxe8 { } ) 37...d3 { ?! } ( 37...Qb1 { !? } 38.Qd3 Qb4 39.Qc4 Qe7 { } )
38.Qxd3 Bd4 39.Qd1 Qa7 40.Ne4 g4 41.Rd2 Be3 42.Rd7 Qa2 43.Qd3 Bg5 44.fxg4 Qe6
45.Nd6 Qxe2+ 46.Qxe2 Rxe2+ 47.Kf3 Rxh2 48.Nxf7 Kf6 49.Nxg5 Kxg5 50.Rd5+ Kg6
51.Rd6+ Kg5 52.Rd5+ Kg6 53.Kf4 Rf2+ 54.Ke5 Kg5 55.Kd6+ Kxg4 56.Rd3 Rf6+ 57.Kc7
Rg6 58.b6 h5 59.b7 Rg8 60.b8=Q { } {#r} 1-0

[Event "Ch Europe"]
[Site "masterchessopen.com Warsaw (Poland)"]
[Date "2005.06.27"]
[Round "9"]
[White "Postny Evgeny (ISR)"]
[Black "Jobava Baadur (GEO)"]
[Result "0-1"]
[WhiteElo "2571"]
[BlackElo "2601"]

{ Postny Evgeny (ISR) +2 =2 -0 } 1.d4 Nf6 2.c4 e6 3.Nf3 d5 4.g3 Bb4+ 5.Bd2 Be7
6.Bg2 O-O 7.O-O Nbd7 { ? } 8.cxd5 ( 8.Qb3 c6 9.Bf4 Nh5 10.Be3 Nhf6 11.Nc3 Nb6
12.cxd5 exd5 13.Rad1 Bf5 14.Ne5 Re8 15.a4 a5 16.h3 Bb4 17.g4 Bc8 18.Bg5 Qd6
19.f4 Nfd7 20.e4 Nxe5 21.fxe5 Qg6 22.Bc1 Be6 23.Ne2 dxe4 24.Qc2 Bc4 25.Bxe4
Qe6 26.Nf4 Qe7 27.Bxh7+ Kh8 { ...1-0, Gelfand Boris 2700 - Tkachiev Vladislav
2642 , Cap d'Agde 2002 It (1/2 final) } ) 8...exd5 9.Nc3 c6 10.Qc2 Re8 (
10...Bd6 11.Rab1 Qe7 12.Bf4 Bxf4 13.gxf4 Nb6 14.Ne5 Nh5 15.e3 f6 16.Nf3 g6
17.Rbc1 Nc4 18.Rfe1 Nd6 19.Qe2 Bd7 20.b3 Rae8 21.Kh1 b5 22.Rc2 Bg4 23.Nd1 Qd7
24.Qf1 Ne4 25.Nd2 Rf7 26.Nxe4 dxe4 27.f3 Bf5 28.fxe4 Rxe4 29.Qf2 Nxf4 30.Bf1 {
...0-1, Kasoshvili Tsiala 2135 - Gvetadze Sopio 2301 , Batumi 2002 It (w)
"Black Sea" } ) 11.a3 a5 12.Rfe1 ( 12.Bf4 Nf8 13.Rad1 Ng6 14.Bc1 Bf8 15.Rfe1
h6 16.Nd2 Be6 17.e4 dxe4 18.Ndxe4 Nxe4 19.Bxe4 Ne7 20.Qd3 Nd5 21.Nxd5 Bxd5
22.Bxd5 Qxd5 23.Rxe8 Rxe8 24.Be3 Rd8 25.Qc3 Be7 26.Rc1 h5 27.Qc4 Qe4 28.Qc2
Qf3 29.Qd1 Qd5 30.h4 g6 31.Qe1 Rd7 { ...0-1, Partys Tatiana - Zaiatz Elena
2400 , Sochi 21. 4.2004 Ch Russia (club) (w) } ) 12...Nb6 { -0.37 CAP N } (
12...Nf8 13.Bg5 Ne4 14.Bxe7 Qxe7 15.e3 Bf5 16.Nh4 Bd7 17.Rac1 Nxc3 18.Qxc3 Be6
19.Nf3 Nd7 20.Nd2 h6 21.Rcd1 Nf6 22.f3 Qc7 23.Rc1 Re7 24.b4 axb4 25.axb4 Qb6
26.Qc5 Qd8 27.Ra1 Re8 28.Rxa8 Qxa8 29.Qc3 Qc8 30.Rc1 Bh3 31.Bh1 { 1/2-1/2,
Adianto Utut 2610 - Andersson Ulf 2645 , Tallinn/Parnu 1998 Memorial P.Keres
(cat.15) } ) ( 12...Bd6 13.Rad1 Nf8 14.Bg5 Be7 15.Bxf6 Bxf6 16.e4 dxe4 17.Nxe4
Be6 18.Ne5 Be7 19.Nc5 Bxc5 20.dxc5 Qc7 21.Nc4 Bxc4 22.Qxc4 Rxe1+ 23.Rxe1 Rd8
24.h4 h6 25.Bh3 Ng6 26.Qe4 Nf8 27.Qe7 Qxe7 28.Rxe7 Rb8 29.Rc7 Ne6 30.Bxe6 fxe6
31.Re7 Kf8 32.Rxe6 { ...1-0, Dunnington Angus J 2386 - Stempin Andrzej 2285 ,
Lyngby 1990 It (open) } ) 13.Ne5 Ng4 14.Nxg4 Bxg4 15.Bf4 Bh5 16.Rad1 Bf8 17.h3
{ ?! } ( 17.f3 { !? } 17...Bd6 18.Bxd6 Qxd6 19.e4 { } ) 17...a4 { ?! } (
17...Nc4 { !? } 18.g4 Bg6 19.Qb3 Bd6 { } ) 18.g4 Bg6 19.Qc1 Nc4 { ?! } (
19...f5 { !? } 20.gxf5 Bxf5 21.e4 dxe4 { } ) 20.e4 Qb6 21.Re2 dxe4 22.Nxe4 Na5
23.d5 Nb3 24.Qe3 Nc5 25.Nf6+ { ? } ( 25.f3 cxd5 26.Rxd5 Qc6 27.Re5 { } )
25...gxf6 26.Qxe8 Rxe8 27.Rxe8 Kg7 28.d6 Nd7 29.Rd2 f5 30.g5 f6 31.gxf6+ Kxf6
32.Rc8 Bf7 33.Be3 Qb3 34.Rd8 Qe6 35.Bf4 Qc4 36.Be3 Be6 37.Rd4 Qc2 38.Rd2 Qc1+
39.Kh2 f4 40.Bd4+ Kf7 41.Rd3 Bxd6 42.Bf3 Ke7 43.Rh8 Bf5 44.Rd1 Qc2 45.Re1+ Be5
46.Kg2 Kd6 47.Re2 Qxe2 48.Bxe2 Bxd4 { } {#R} 0-1

[Event "Ch Europe"]
[Site "masterchessopen.com Warsaw (Poland)"]
[Date "2005.06.29"]
[Round "11"]
[White "Filippov Valerij (RUS)"]
[Black "Portisch Lajos (HUN)"]
[Result "1-0"]
[WhiteElo "2590"]
[BlackElo "2534"]

{ Filippov Valerij (RUS) +4 =0 -1 Portisch Lajos (HUN) +0 =3 -0 } 1.Nf3 d5
2.d4 Nf6 3.c4 e6 4.g3 Bb4+ 5.Bd2 Be7 6.Bg2 O-O 7.O-O Nbd7 8.Qc2 c6 9.Bf4 b6
10.Rd1 Bb7 11.Nc3 dxc4 ( 11...Nh5 12.Bc1 f5 ( 12...Nhf6 13.b3 Rc8 14.e4 dxe4
15.Ng5 h6 16.Ngxe4 Nxe4 17.Nxe4 Nf6 18.c5 Nd5 19.a3 a5 20.Bf1 Qc7 21.Bd2 Rfd8
22.b4 axb4 23.Bxb4 Ra8 24.cxb6 Qxb6 25.Bxe7 Nxe7 26.Nc5 Bc8 27.a4 Ra5 28.Nb3
Rad5 29.a5 Qa7 30.a6 Bd7 31.Bc4 { ...1-0, Beliavsky Alexander G 2668 - Mitkov
Nikola 2514 , Panormo 2001 Cup European Club (final) } ) 13.b3 Rc8 14.Bb2 Qe8
15.e3 g5 16.a4 a5 17.Ba3 Bxa3 18.Rxa3 Qe7 19.Raa1 Kh8 20.Rac1 Ba6 21.Ne2 Rg8
22.Qd2 Nhf6 23.Rc2 Ne4 { 1/2-1/2, Polgar Zsuzsa 2565 - Portisch Lajos 2615 ,
Prague 1995 Match "Women-Veterans" } ) ( 11...Rc8 12.Ne5 Nh5 13.Bc1 f5 14.Qa4
Nxe5 15.dxe5 a6 16.Qb3 b5 17.cxd5 cxd5 18.Be3 f4 19.Bxf4 Rxf4 20.Nxd5 Bxd5
21.Bxd5 exd5 22.Rxd5 Qf8 23.Rd8+ Kh8 24.Rxf8+ Rfxf8 25.Rd1 Rc4 26.Rd7 Bc5
27.e3 g6 28.Qd1 Ng7 29.b3 Rc3 30.Qd5 Nf5 31.Qb7 { ...1-0, Van Wely Loek 2668 -
Spassky Boris V 2548 , France 2002 Ch France (team) 2002 } ) 12.Nd2 Nd5
13.Nxc4 { ? } 13...Nxf4 ( 13...N7f6 14.Bg5 h6 15.Bxf6 Nxf6 16.e4 b5 17.Ne3 Rc8
18.e5 Nd7 19.a3 a5 20.a4 Qb6 21.Qe2 Ba6 22.Qh5 bxa4 23.Nxa4 Qb4 24.Nc3 Qxb2
25.Rxa5 Nb8 26.Rxa6 Nxa6 27.Ne4 Rfd8 28.Nc4 Qb8 29.Ncd6 Bxd6 30.Nxd6 Rxd6
31.exd6 Qxd6 32.Qa5 Nb4 33.Rb1 { ...0-1, Van Wely Loek 2525 - Tiviakov Sergei
2585 , Gausdal 1992 It (open) } ) 14.gxf4 Qc7 ( 14...Nf6 15.Ne5 Nd5 16.f5 Nxc3
17.Qxc3 exf5 18.Bxc6 Bxc6 19.Nxc6 Qd7 20.Ne5 Qe6 21.Qb3 Bd6 22.Qxe6 fxe6
23.Rac1 Bxe5 24.dxe5 Rfc8 25.b3 Kf8 26.Rxc8+ Rxc8 27.Rd7 a5 28.Rd6 Rc2 29.a4
Rxe2 30.Rxe6 Kf7 31.Rxb6 Rxe5 32.Kg2 { 1/2-1/2, Nielsen Peter Heine 2663 -
Sokolov Andrei 2591 , Germany 24. 4.2004 Bundesliga 2003/04 } ) ( 14...Rc8
15.e3 Nf6 16.Rac1 Nd5 17.Qa4 b5 18.Qxa7 bxc4 19.Qxb7 Nb4 20.a3 Rb8 21.Qa7 Ra8
22.Qb7 Rb8 23.Qa7 Ra8 24.Qb7 { 1/2-1/2, Marin Mihail 2566 - Gurevich Mikhail
2634 , Mondariz 2002 Ch Spain (team) } ) 15.e3 Rfd8 ( 15...Rac8 16.Rac1 a6
17.Ne4 Rfd8 18.Ng5 g6 19.Qe4 Ba8 20.Qb1 c5 21.Bxa8 Rxa8 22.dxc5 bxc5 23.Qe4
Nf6 24.Qf3 h6 25.Ne4 Nxe4 26.Qxe4 Rxd1+ 27.Rxd1 Rd8 28.Rd3 Rxd3 29.Qxd3 Qd8
30.Qc2 Bf6 31.b3 g5 32.fxg5 hxg5 33.Kg2 Kg7 34.Nd2 Qa8+ 35.f3 { ...1/2-1/2,
Bareev Evgeny 2719 - Atlas Valeri 2484 , Panormo 2001 Cup European Club
(final) } ) 16.a3 ( 16.Rac1 Rac8 17.a3 Qb8 18.b4 Ba6 19.Qb3 c5 20.dxc5 Bxc4
21.Qxc4 bxc5 22.b5 Nb6 23.Qa2 c4 24.Rxd8+ Rxd8 25.a4 Bb4 26.a5 Nd5 27.Ne2 Qxb5
28.Nd4 Qxa5 29.Qxa5 Bxa5 30.Nc6 Bd2 31.Rxc4 Nb6 32.Rc2 Rd7 33.Ne5 Rd8 34.Nc6
Rd7 35.Ne5 Rd8 { ...1/2-1/2, Vekshenkov Nikolai 2457 - Lugovoi Aleksei 2550 ,
Krasnoyarsk 2003 Ch Russia } ) 16...Rac8 17.b4 Nf8 ( 17...Nf6 18.Rab1 Nd5
19.Ne4 Ba6 20.Ne5 f6 21.Nc4 f5 22.Ned2 Bf6 23.Nb3 { 1/2-1/2, Razuvaev Yuri S
2560 - Bischoff Klaus 2515 , Dortmund 1993 It (open) } ) ( 17...Ba6 { -0.29
CAP } ) 18.Rac1 Ng6 { +0.07 CAP } 19.Bh1 { N } ( 19.Be4 f5 20.Bh1 Kh8 21.Qb3
c5 22.d5 Bf8 23.d6 Qf7 24.Ne5 Nxe5 25.Bxb7 Qg6+ 26.Kf1 c4 27.Qc2 Ng4 28.h3
Nh2+ 29.Ke1 Rb8 30.Bh1 Bxd6 31.f3 Qg1+ 32.Ke2 Qg3 33.Rg1 Qxh3 34.Nb5 Bf8
35.Qxc4 Re8 36.Qc7 Rbd8 37.Nd4 Qh6 38.Rc6 Qh4 { ...1/2-1/2, Avrukh Boris 2606
- Portisch Lajos 2591 , Panormo 2001 Cup European Club (final) } ) 19...Qb8
20.f5 exf5 21.Qxf5 Nh4 22.Qe5 Rc7 23.Ne4 Rd5 24.Qg3 Qd8 { ?! } ( 24...Ng6 { !?
} 25.Ne5 Nxe5 26.dxe5 Rxd1+ { } ) 25.Ne5 Ng6 26.f4 Bh4 27.Qg4 Qe7 28.Ng3 Nxe5
29.fxe5 Bc8 30.Qf4 { ?! } ( 30.Nf5 { !? } 30...Bxf5 31.Qxf5 Bg5 32.Re1 { } )
30...Bg5 31.Qf2 Rd8 32.Bxc6 f6 { ?! } ( 32...Qe6 { !? } 33.b5 a6 34.a4 Qh6 { }
) 33.Ne4 fxe5 { ? } ( 33...Bh6 34.Nd6 Be6 35.Nb5 Rcc8 { } ) 34.d5 Bh4 35.Qg2
Rd6 36.Nxd6 Qxd6 37.Be8 Qh6 38.Rxc7 Qxe3+ 39.Kh1 Bh3 40.Qxg7# { } 1-0

[Event "Ch Europe (active)"]
[Site "masterchessopen.com Warsaw (Poland)"]
[Date "2006.12.16"]
[Round "5"]
[White "Jaracz Pawel (POL)"]
[Black "Miton Kamil (POL)"]
[Result "0-1"]
[WhiteElo "2476"]
[BlackElo "2638"]

{ Jaracz Pawel (POL) +1 =2 -0 Miton Kamil (POL) +0 =1 -0 } 1.c4 Nf6 2.d4 e6
3.Nf3 d5 4.g3 Bb4+ 5.Bd2 Be7 6.Bg2 O-O 7.Qc2 c6 8.O-O Nbd7 9.Rd1 b6 { ?/=
+0.04 CAP } 10.Nc3 ( 10.Bf4 Bb7 11.Nc3 Nh5 12.Bc1 Nhf6 13.Bf4 Nh5 14.Bc1 {
1/2-1/2, Jaracz Pawel 2492 - Rustemov Alexander 2564 , Warsaw 18.12.2005 Ch
Europe (active) (Gr.3) } ) ( 10.Bf4 Bb7 11.Nc3 dxc4 12.Nd2 Nd5 13.Nxc4 Nxf4
14.gxf4 Qc7 15.e3 Rac8 16.Rac1 { 1/2-1/2, Khalifman Alexander 2653 - Kramnik
Vladimir 2739 , Moscow 30.12.2005 Ch Russia (superfinal) } ) 10...dxc4 { N } (
10...Bb7 11.b3 Rc8 12.e4 dxe4 { 1/2-1/2, Nogueiras Jesus 2554 - Miton Kamil
2638 , Habana 29.11.2006 Memorial J.Capablanca (cat.17) } ) 11.Bf4 Nd5 12.Nd2
Ba6 13.a4 N7f6 14.Nf3 Qc8 15.Ne5 Nd7 16.Ne4 Nxe5 17.dxe5 Qc7 18.Nd6 Bxd6
19.exd6 Qd7 20.e4 Nb4 21.Qc3 c5 22.Bf1 Nc6 23.Bxc4 Bxc4 24.Qxc4 e5 25.Be3 Nd4
26.Bxd4 cxd4 27.Qd5 Rae8 28.f4 exf4 29.Rxd4 fxg3 30.hxg3 Qg4 31.Ra3 Rc8 32.Rd2
Rc5 33.Qd3 Rc1+ 34.Kf2 f5 35.Qd5+ Kh8 36.Rf3 Rf1+ { ? } ( 36...Rh1 37.d7 Rh2+
{ } ) 37.Kxf1 Qxf3+ 38.Rf2 Qh1+ 39.Ke2 Re8 40.Qxf5 Rxe4+ 41.Kd3 Qb1+ 42.Rc2
Re8 43.d7 Qd1+ 44.Rd2 { ?? } ( 44.Kc4 Rg8 45.Qd3 b5+ 46.axb5 Qg4+ 47.Kc3 Qg5
48.Kb3 h6 49.Rc8 Rd8 50.Rxd8+ Qxd8 51.Qd4 { } ) 44...Qb3+ 45.Kd4 Qb4+ 46.Kd3
Qb3+ 47.Kd4 Qxa4+ { ?! } ( 47...Qb4+ { !? } 48.Kd3 Qb3+ 49.Kd4 Qb4+ 50.Kd3
Qb3+ { } ) 48.Kd5 Qb5+ 49.Kd6 Qb4+ 50.Kc7 Qc4+ 51.Kb7 Rd8 52.Qe5 Qf7 53.Kc7
Rg8 54.Qd5 Qe7 55.Kc6 Qd8 56.Kd6 { ?! } ( 56.Qd6 { !? } 56...h6 57.Qc7 Qf6+
58.Rd6 Qf3+ 59.Rd5 Qf6+ 60.Kb7 Rd8 61.Qd6 Qf7 62.Kxa7 b5 63.b4 { } ) {#R} 0-1

[Event "Ch Europe (active)"]
[Site "masterchessopen.com Warsaw (Poland)"]
[Date "2008.12.20"]
[Round "5"]
[White "Lipka Juraj (SVK)"]
[Black "Gajewski Grzegorz (POL)"]
[Result "0-1"]
[WhiteElo "2426"]
[BlackElo "2577"]

1.Nf3 d5 2.d4 Nf6 3.c4 e6 4.g3 Bb4+ 5.Bd2 Be7 6.Bg2 O-O 7.O-O Nbd7 8.Qc2 c6
9.Bf4 Nh5 10.Bc1 Nhf6 11.Bf4 h6 12.Rd1 a5 13.b3 Nh5 14.Bc1 b5 15.c5 f5 16.Ne5
Nxe5 17.dxe5 Qe8 18.Nd2 g5 19.Nf3 Bd7 20.Nd4 Qf7 21.Bb2 b4 22.a4 f4 23.e4 Ng7
24.g4 Qg6 25.Rac1 Ra7 26.Re1 Rc7 27.Qe2 Bc8 28.Qf3 Re8 29.Bf1 h5 30.h3 Qh6
31.Bd3 Rf8 32.Kg2 Bd7 33.Re2 Be8 34.exd5 exd5 35.Nf5 Nxf5 36.gxf5 Bd7 37.e6
Be8 38.Be5 Ra7 39.Bb1 Bf6 40.Bxf6 Qxf6 41.Rce1 Re7 42.Re5 Qh6 43.Rh1 Qh8
44.Rhe1 Qh6 45.Rh1 Rf6 46.Kf1 Kf8 47.Rg1 Rg7 48.Qe2 g4 49.e7+ Kg8 50.Qa6 gxh3
51.Qc8 Rxg1+ 52.Kxg1 Qg7+ 53.Kf1 Kf7 54.Re6 h2 55.Rxf6+ Qxf6 56.Kg2 f3+
57.Kxh2 Qh4+ 58.Kg1 Qg5+ {#R} 0-1

[Event "Ch Europe (active) (w)"]
[Site "masterchessopen.com Gaziantep (Turkey)"]
[Date "2012.03.15"]
[Round "6"]
[White "Guramishvili Sopiko (GEO)"]
[Black "Khotenashvili Bela (GEO)"]
[Result "0-1"]
[WhiteElo "2384"]
[BlackElo "2490"]

1.Nf3 Nf6 2.c4 e6 3.g3 d5 4.d4 Bb4+ 5.Bd2 Bd6 6.Bg2 O-O 7.Qc2 c6 8.O-O Nbd7
9.b3 h6 10.Nc3 dxc4 11.bxc4 e5 12.Rad1 exd4 13.Nxd4 Ne5 14.Bf4 Qe7 15.Na4 Bc7
16.Rd2 Qb4 17.Nb2 Re8 18.Rfd1 Bg4 19.h3 Bh5 20.Bxe5 Bxe5 21.Nd3 Qa5 22.Nb3 Qc7
23.f4 Bd6 24.c5 Bf8 25.g4 Bg6 26.f5 Bh7 27.Nf2 a5 28.e4 a4 29.Nc1 Qa5 30.Rd6
Bxd6 31.cxd6 Rad8 32.h4 Qb6 33.Bf3 h5 34.g5 Ng4 35.Bxg4 hxg4 36.Kg2 Qe3 37.Rd3
Qf4 38.Ne2 Qe5 39.Ng3 Rxd6 40.Nxg4 Qf4 41.Rxd6 Qxd6 42.Qf2 Rd8 43.h5 Qd2 44.g6
fxg6 45.hxg6 Bxg6 46.Ne2 Qg5 47.fxg6 Qxg4+ 48.Ng3 Qxg6 49.Qc2 b5 50.a3 Qe6
51.Nf5 Rd7 52.Ng3 Qb3 53.Qxc6 Rf7 54.Qc8+ Rf8 55.Qg4 Qxa3 56.Qe6+ Rf7 57.Qe8+
Qf8 58.Qxb5 a3 59.Qd5 g6 60.e5 Qe7 61.Ne4 Qb7 62.Qc4 Qb2+ 63.Kg3 Qxe5+ {#R}
0-1

[Event "Ch Europe (blitz)"]
[Site "masterchessopen.com Cannes (France)"]
[Date "2006.02.19"]
[Round "9"]
[White "Dorfman Iossif D (FRA)"]
[Black "Saric Ante (CRO)"]
[Result "1-0"]
[WhiteElo "2584"]
[BlackElo "2489"]

1.d4 Nf6 2.c4 e6 3.Nf3 d5 4.g3 Bb4+ 5.Bd2 Be7 6.Bg2 c6 7.Bc3 dxc4 8.Ne5 O-O
9.Nxc4 b5 10.Ba5 Qe8 11.Ne5 Bb7 12.O-O Nd5 13.Nd2 Nd7 14.Nxd7 Qxd7 15.Nb3 f5
16.Rc1 Rae8 17.e3 Bd6 18.Nc5 Bxc5 19.Rxc5 Rf6 20.Qc2 Ref8 21.Bd2 Qf7 22.a4 a6
23.axb5 cxb5 24.Qb3 g5 25.Qd3 Qh5 26.e4 fxe4 27.Qxe4 Ba8 28.Qe5 h6 29.h4 Qg6
30.hxg5 Rf5 31.Qd6 hxg5 32.Qxa6 Qf7 33.Rc8 Bb7 34.Rxf8+ Kxf8 35.Qxb5 Kg7
36.Qe2 Qf6 37.Bc3 Nxc3 38.bxc3 Bxg2 39.Kxg2 e5 40.dxe5 Rxe5 41.Qf3 Qe6 42.Rh1
Qd7 43.Qa8 Qd5+ 44.Qxd5 Rxd5 45.c4 Rc5 46.Rc1 Kf6 47.Kf3 Ke5 48.Kg4 Ke4 49.f3+
Ke3 50.f4 gxf4 51.gxf4 Ke4 52.Re1+ Kd4 53.f5 Rxc4 54.Kg5 Rc2 55.f6 Rg2+ 56.Kf5
Kd5 57.Rd1+ Kc6 58.f7 Rf2+ 59.Kg6 Kc7 60.Kg7 Rg2+ 61.Kf8 Rf2 62.Rd5 Kc6 63.Rg5
Kd7 64.Kg7 Ke7 65.Re5+ Kd6 66.Re1 Rg2+ 67.Kf8 Rf2 68.Rd1+ Ke6 69.Re1+ Kd6
70.Ke8 Ra2 71.f8=Q+ Kd5 72.Qf7+ Kd4 73.Qxa2 {#r} 1-0